000 02048cam a22003974a 4500
001 15005159
005 20080403092930.0
008 070910s2009 paua b 001 0 eng
010 _a 2007037307
016 7 _a101316077
_2DNLM
020 _a9780781779098
020 _a078177909X
035 _a(OCoLC)ocn154704029
035 _a(OCoLC)154704029
040 _aDNLM/DLC
_cDLC
_dNLM
_dBTCTA
_dBAKER
_dYDXCP
_dCOU
_dC#P
_dDLC
042 _apcc
050 0 0 _aRT41
_b.T54 2009
060 1 0 _aWY 100
_bT583f 2009
082 0 0 _a610.73
_222
_bTIM NR
100 1 _aTimby, Barbara Kuhn.
_920698
245 1 0 _aFundamental nursing skills and concepts /
_cBarbara Kuhn Timby.
250 _a9th ed.
260 _aPhiladelphia :
_bWolters Kluwer Health/Lippincott Williams & Wilkins,
_cc2009.
300 _axxii, 969 p. :
_bcol. ill. ;
_c28 cm. +
_e1 CD-ROM (4 3/4 in.).
440 0 _aLippincott's practical nursing
_920699
504 _aIncludes bibliographical references (p. 893-913) and index.
650 0 _aNursing.
_920700
650 1 2 _aNursing Care.
_920701
856 4 2 _3Publisher description
_uhttp://www.loc.gov/catdir/enhancements/fy0828/2007037307-d.html
942 _2ddc
_cNRB
999 _c10852
_d10852